Stations Served by Avanti West Coast - Statistics

General Stats
  • This quiz has been taken 95 times
  • The average score is 36 of 49
Answer Stats
Answer % Correct
London Euston
99%
Milton Keynes Central
97%
Crewe
96%
Edinburgh
95%
Glasgow Central
95%
Manchester Piccadilly
95%
Birmingham New Street
93%
Watford Junction
91%
Rugby
88%
Carlisle
87%
Liverpool Lime Street
87%
Stafford
87%
Wolverhampton
87%
Coventry
86%
Preston
86%
Birmingham International
82%
Oxenholme Lake District
80%
Stockport
80%
Chester
79%
Penrith North Lakes
79%
Holyhead
78%
Warrington Bank Quay
76%
Stoke-on-Trent
75%
Wigan North Western
75%
Lancaster
74%
Motherwell
74%
Runcorn
72%
Blackpool North
71%
Bangor
68%
Nuneaton
68%
Haymarket
66%
Northampton
66%
Llandudno Junction
64%
Lockerbie
63%
Macclesfield
63%
Rhyl
63%
Tamworth
63%
Lichfield Trent Valley
62%
Sandwell and Dudley
61%
Wrexham General
61%
Wilmslow
59%
Shrewsbury
58%
Telford Central
57%
Prestatyn
55%
Colwyn Bay
51%
Flint
49%
Wellington
43%
Kirkham and Wesham
34%
Poulton-le-Fylde
34%
No matching quizzes found
Score Distribution
Percent of People with Each Score
Percentile by Number Answered
Your Score History
You have not taken this quiz